Welcome to the Holygrace Academy Library

Please use search bar below to get started

THE WAY OF LOVE (Record no. 4711)

MARC details
000 -LEADER
fixed length control field 00287nam a22001337a 4500
020 ## - INTERNATIONAL STANDARD BOOK NUMBER
ISBN 81-86737-23-5
082 ## - DEWEY DECIMAL CLASSIFICATION NUMBER
Classification number 200
Item number NAR/W
100 ## - MAIN ENTRY--AUTHOR NAME
Personal name NARAYANA MAHARAJA
245 ## - TITLE STATEMENT
Title THE WAY OF LOVE
260 ## - PUBLICATION, DISTRIBUTION, ETC. (IMPRINT)
Place of publication BANGALORE
Name of publisher BHAKTI
Year of publication 2004
300 ## - PHYSICAL DESCRIPTION
Number of Pages 18
650 ## - SUBJECT ADDED ENTRY--TOPICAL TERM
Topical Term SPIRITUAL
Geographic subdivision INDIA
942 ## - ADDED ENTRY ELEMENTS (KOHA)
Koha item type Books
Holdings
Withdrawn status Lost status Collection code Home library Current library Shelving location Date acquired Source of acquisition Full call number Accession Number Koha item type
    Non-fiction Main Library Main Library SHELF 15B-U,V,W SECTION NOVELS& FICTION 21/06/2004 purchase 200 NAR/W 01184 Books